00253 a2200121 4500001000700000020002200007040001100029100002200040240002900062245002400091300000700115362000900122188433 a978-85-7865-022-3 cMagnum aVila, Martinho da10aA rainha da baterialpor10aA rainha da bateria a240 a2009